00583nam a2200133Ia 4500008004100000100002600041245013600067260003300203300001700236650001900253856008500272999001900357952007300376160712s9999 xx 000 0 und d aZialcita, Jean Paul . cJean Paul ZialcitaaMariano Ponce and the Philippine–American War: A View of the Man and His Deeds Through His Letters from Japan c2011bSocial Science Diliman avol. 7 no. 2 xSOCIAL SCIENCE uhttp://journals.upd.edu.ph/index.php/socialsciencediliman/issue/view/309/showToc c297659d297659 001040aCLbCLd2016-07-12l0r2016-07-12 00:00:00w2016-07-12yFEJ